000 00527cam a22002171 4500
001 sa 68015776
003 DLC
005 20260227112646.0
008 890630s1966 ce 000 0 sino
010 _asa 68015776
035 _a(OCoLC)19952395
040 _aDLC
_cWaU
_dDLC
042 _apremarc
050 0 0 _aBJ1289
_b.S4
100 1 _aSeelarathana, Hendiyagala,
_d1913-
245 1 0 _aSapta aparihānīya dharma.
260 _c1966.
300 _a29 p.
_c20 cm.
500 _aSinhalese.
650 0 _aBuddhist ethics.
999 _c86678
_d86678